000
00298nam a2200097Ia 4500
001
1225627
005
20250827092949.0
008
250824s9999 xx 000 0 und d
245
0
_a
MİANIN GÜNLÜĞÜ YAZAR OLMAK İSTİYORUM
_c
PAOLA ZANNONER
260
_b
ALTIN KİTAPLAR YAYINLARI
999
_c
1225627
_d
1225627